| 000 | 00436nam a2200157 i 4500 | ||
|---|---|---|---|
| 001 | 38005 | ||
| 003 | ES-MaACL | ||
| 005 | 20230906155659.0 | ||
| 007 | t| | ||
| 008 | 030224s1917 sp ||||1| gao d | ||
| 100 | 1 |
_aCabanillas, Ramón. _933146 |
|
| 245 | 1 | 0 |
_aDa terra asoballada / _cRamón Cabanillas. |
| 260 |
_a[S.l. : _bs.n., _c1917] ( _eVillagareia de Arousa : _fImp. Galicia Nova) |
||
| 300 | _a118 p. | ||
| 852 |
_aES-MaACL _jG-337 |
||
| 999 |
_c38005 _d38005 |
||